| 000 | 00580nam a2200181 4500 | ||
|---|---|---|---|
| 001 | 144823 | ||
| 003 | ES-MaACL | ||
| 005 | 20230906201115.0 | ||
| 007 | t| | ||
| 008 | 070214s1965 po r ||||1| por d | ||
| 100 | 1 |
_aSletsjoee, Leif. _9106781 |
|
| 245 | 1 | 0 |
_aO elemento cénico em Gil Vicente / _cpor Leif Sletsjöe. |
| 260 |
_aLisboa : _bCasa Portuguesa, _c1965. |
||
| 300 |
_a158 p. ; _c21 cm. |
||
| 500 | _aPrecede al tít.: Instituto Ibero-Americano, Gotemburgo, Suecia. | ||
| 710 | 2 |
_aInstituto Ibero-Americano (Göteborg) _95089 |
|
| 852 |
_aES-MaACL _jC-29707 _bR.59931 |
||
| 999 |
_c144823 _d144823 |
||